000 00411cam a22001217a 4500
008 180718b1955 xxu||||| |||| 00| 0 eng d
082 _aA81x5422 In2/51/2
100 _aGovernment of Madhya Bharat
245 _aMadhya Bharat district census handbook, Gird
_cby Government of Madhya Bharat
260 _aGwalior
_bGovernment Central Press
_c1955
300 _a132+p.
440 _aCensus of India 1951. Madhya Bharat
999 _c483679
_d483679